Anuario de investigación 2019 (Registro nro. 30951)

Detalles MARC
000 -CABECERA
Longitud fija campo de control 01733nas a22002777a 4500
003 - IDENTIFICADOR DELl NÚMERO DE CONTROL
Identificador del número de control OSt
005 - FECHA Y HORA DE LA ÚLTIMA TRANSACCIÓN
Fecha y hora de la última transacción 20191023104316.0
008 - CÓDIGOS DE INFORMACIÓN DE LONGITUD FIJA
Códigos de información de longitud fija 130910b2019 slv spa
022 ## - NÚMERO INTERNACIONAL NORMALIZADO PARA PUBLICACIONES SERIADAS
Número Internacional Normalizado para Publicaciones Seriadas 2227-4235
040 ## - FUENTE DE LA CATALOGACIÓN
Centro transcriptor BMC
082 ## - NÚMERO DE LA CLASIFICACIÓN DECIMAL DEWEY
Númeroo de clasificación 378.00772845
082 ## - NÚMERO DE LA CLASIFICACIÓN DECIMAL DEWEY
Númeroo de clasificación 378.72840014
082 ## - NÚMERO DE LA CLASIFICACIÓN DECIMAL DEWEY
Númeroo de clasificación 001.47284
245 10 - MENCIÓN DE TÍTULO
Título Anuario de investigación 2019
Mención de responsabilidad, etc. [director, Nery F. Herrera Pineda]
260 ## - PUBLICACIÓN, DISTRIBUCIÓN, ETC. (PIE DE IMPRENTA)
Lugar de publicación, distribución, etc. Santa Ana, El Salvador
Nombre del editor, distribuidor, etc. UNICAES, Dirección de Investigación
Fecha de publicación, distribución, etc. 2019
300 ## - DESCRIPCIÓN FÍSICA
Extensión 151 + [6] p.
Otras características físicas il.
Dimensiones 28 cm
490 ## - MENCIÓN DE SERIE
Mención de serie Publicaciones de la Dirección de Investigación
Designación de volumen o secuencia 8
505 ## - NOTA DE CONTENIDO CON FORMATO
Nota de contenido con formato Contiene: Mecanismo que garantizan y protegen el derecho a una vivienda familiar en el departamento de Santa Ana. Diagnóstico de aplicación de un sistema presupuestario...- Caracterización de las micro y pequeñas empresas del sector turístico...- Capital semilla y la ecuación de inversión en emprendimiento.- La inserción laboral en las empresas de la zona occidental...- Conducta de los compradores de artesanias en la ciudad de Ilobasco.-
505 ## - NOTA DE CONTENIDO CON FORMATO
Nota de contenido con formato Estado de las bóvedas de la carretera que conduce de Santa Ana a Ahuachapán.- Caracterización del rubro lechero de El Salvador.- Alternativa para la gestión de residuos sólidos en la Universidad Católica de El Salvador.- Estimulación temprana y neurodesarrollo en la primera infancia.-
610 24 - PUNTO DE ACCESO ADICIONAL DE MATERIA - NOMBRE DE ENTIDAD CORPORATIVA
9 (RLIN) 9278
Nombre de entidad corporativa o nombre de jurisdicción como elemento inicial Universidad Católica de El Salvador
Unidad subordinada Dirección de Investigación
Subdivisión de forma Anuarios
610 24 - PUNTO DE ACCESO ADICIONAL DE MATERIA - NOMBRE DE ENTIDAD CORPORATIVA
9 (RLIN) 8619
Nombre de entidad corporativa o nombre de jurisdicción como elemento inicial Universidad Católica de El Salvador
Subdivisi&oacute,n de materia general Actividad científica
650 24 - PUNTO DE ACCESO ADICIONAL DE MATERIA - TÉRMINO DE MATERIA
9 (RLIN) 4874
Término de materia o nombre geográfico como elemento inicial Investigación
Subdivisión geográfica El Salvador
700 1# - PUNTO DE ACCESO ADICIONAL - NOMBRE DE PERSONA
9 (RLIN) 14396
Nombre de persona Herrera Pineda, Nery Francisco
710 2# - PUNTO DE ACCESO ADICIONAL - NOMBRE DE ENTIDAD
9 (RLIN) 9274
Nombre de entidad o nombre de jurisdicción como elemento inicial Universidad Católica de El Salvador
Unidad subordinada Dirección de Investigación
942 ## - ENTRADA DE ELEMENTOS AGREGADOS (KOHA)
Fuente de clasificaión o esquema Dewey Decimal Classification
Koha [por defecto] tipo de item 2- Prensa y Revistas
Existencias
Suprimido Perdido Fuente de clasificación o esquema Estropeado Restricciones de uso No para préstamo Código de colección Localización permanente Localización actual Localización en estanter&íacute;as Fecha adquisición Fuente de adquisición Número de inventario Préstamos totales Signatura completa Código de barras Fecha última consulta Fecha del precio de reemplazo Tipo de item de Koha
NULL NULL Dewey Decimal Classification NULL Prestable NULL NULL Biblioteca Miguel de Cervantes - UNICAES Biblioteca Miguel de Cervantes - UNICAES Sala Principal 26/09/2019 Donación - Dirección de Investigación y Proyección Social 000041   ANU - 000041 1046457 10/10/2019 10/10/2019 2- Prensa y Revistas
NULL NULL Dewey Decimal Classification NULL Prestable NULL NULL Biblioteca Miguel de Cervantes - UNICAES Biblioteca Miguel de Cervantes - UNICAES Sala Principal 26/09/2019 Donación - Dirección de Investigación y Proyección Social 000042   ANU - 000041 1046458 10/10/2019 10/10/2019 2- Prensa y Revistas
NULL NULL Dewey Decimal Classification NULL Prestable NULL NULL Biblioteca Miguel de Cervantes - UNICAES Biblioteca Miguel de Cervantes - UNICAES Sala Principal 26/09/2019 Donación - Dirección de Investigación y Proyección Social 000043   ANU - 000041 1046459 10/10/2019 10/10/2019 2- Prensa y Revistas
NULL NULL Dewey Decimal Classification NULL Prestable NULL NULL Biblioteca Miguel de Cervantes - UNICAES Biblioteca Miguel de Cervantes - UNICAES Sala Principal 26/09/2019 Donación - Dirección de Investigación y Proyección Social 000044   ANU - 000041 1046460 10/10/2019 10/10/2019 2- Prensa y Revistas
NULL NULL Dewey Decimal Classification NULL Prestable NULL NULL Biblioteca Miguel de Cervantes - UNICAES Biblioteca Miguel de Cervantes - UNICAES Sala Principal 26/09/2019 Donación - Dirección de Investigación y Proyección Social 000045   ANU - 000041 1046461 10/10/2019 10/10/2019 2- Prensa y Revistas